000 00857nam a22002177a 4500
999 _c10248
_d10248
003 AR-CdUCM
008 190329b ||||| |||| 00| 0 spa d
040 _aMUNICIPALIDAD PROVINCIAL DEL CUSCO
_cBIBLIOTECA MUNICIPAL DEL CUSCO
082 _24ed.
_a985.81 /
_bAL35 / 1945
100 _aAlayza, Luis
_926988
245 _aMi País :
_bCiudades, valles y playas de la costa del Perú /
260 _aPerú :
_bPublicidad Americana,
_c1945.
300 _a308 páginas ;
_bretrato,
_c24 cm.
505 _aContenido: El Rimac -- Lima y Callao -- El Real Felípe -- La Costa -- El Sur -- El Pachacamac el Mala y el Cañete -- El San Juan el Matagente y el Pisco -- El río Ica y el río Grande ...
650 _aHistoria
_9136
650 _aPerú
_935
650 _aLima-Ica-Callao
_926989
650 _aEl pisco
_926990
942 _2ddc
_cLIBROS
945 _aachl